00775nam a22002057a 4500003000900000008004100009040007100050082001700121100001800138245004200156260003100198300002800229440002800257505018900285650002600474650001000500650002500510700001800535700001600553AR-CdUCM190322b ||||| |||| 00| 0 spa d aMUNICIPALIDAD PROVINCIAL DEL CUSCOcBIBLIOTECA MUNICIPAL DEL CUSCO a634.9 /bB77 aBoulay, Henri aArboricultura y producción frutal / aBarcelona :bAedos,c1965. a101 páginas ;c20 cm. aAgropecuarios aedos.n3 aLa fruta en la alimentación humana -- Historia y geografía de la producción fruticola -- Biología del árbol frutal -- Técnicas generales utilizadas en el cultivo frutal ... aalimentación humana aFruta aProducción frutera aOlivar, Jaime aPeix, Jorge